LETTERS FROM A MARATHA CAMP (1809) (Record no. 358302)
[ view plain ]
| 000 -LEADER | |
|---|---|
| fixed length control field | 003530000a22001330004500 |
| 005 - DATE AND TIME OF LATEST TRANSACTION | |
| control field | 20120302063019.0 |
| 040 ## - CATALOGING SOURCE | |
| Original cataloging agency | ENG |
| 100 ## - MAIN ENTRY--PERSONAL NAME | |
| Personal name | BROUGHTON, THOMAS DURE |
| 245 ## - TITLE STATEMENT | |
| Title | LETTERS FROM A MARATHA CAMP (1809) |
| 260 ## - PUBLICATION, DISTRIBUTION, ETC. (IMPRINT) | |
| Place of publication, distribution, etc | LONDON : ARCHIBALD CONSTABLE & CO. ,1813 |
| 300 ## - PHYSICAL DESCRIPTION | |
| Extent | xvii; 273 P. |
| 650 ## - SUBJECT ADDED ENTRY--TOPICAL TERM | |
| Topical term or geographic name as entry element | HISTORY / MARATHA / LETTERS |
| 942 ## - ADDED ENTRY ELEMENTS (KOHA) | |
| Koha item type | Book |
| Withdrawn status | Lost status | Damaged status | Not for loan | Home library | Current library | Date acquired | Total Checkouts | Barcode | Date last seen | Price effective from |
|---|---|---|---|---|---|---|---|---|---|---|
| Institute For Oriental Study, Thane | Institute For Oriental Study, Thane | 12/02/2009 | IOS-E 19353 | 12/02/2009 | 12/02/2009 |